| 000 | 00519nam a2200205Ia 4500 | ||
|---|---|---|---|
| 003 | OSt | ||
| 005 | 20230515153611.0 | ||
| 008 | 210423s2009 xx 000 0 und d | ||
| 020 | _a9788131711583 | ||
| 040 | _cAL | ||
| 041 | _aeng | ||
| 082 |
_a616.079 KHAF _223 |
||
| 100 |
_aKHAN (Fathima Halim). _9104156 |
||
| 245 | _aElements of immunology. | ||
| 260 |
_aNew Delhi _bPearson Education Pvt Ltd _c2009 |
||
| 300 |
_aviii,578 _bPB |
||
| 365 |
_b600 _cINR |
||
| 906 | _aElements ; immunology. | ||
| 942 |
_2ddc _cBK |
||
| 999 |
_c164728 _d164728 |
||